Law of tort: Including compensation under the consumer protection act (Record no. 15722)

MARC details
000 -LEADER
fixed length control field 00515nam a2200181Ia 4500
008 - FIXED-LENGTH DATA ELEMENTS--GENERAL INFORMATION
fixed length control field 230917s9999||||xx |||||||||||||| ||und||
020 ## - ISBN
Price RS395
040 ## - CATALOGING SOURCE
-- 227938
Original cataloging agency VIVEKANANDA LIBRARY
041 ## - Language
-- English
082 ## - DDC NUMBER
Classification number 346.03 S64L(7)
100 ## - MAIN ENTRY--PERSONAL NAME
Personal name Singh, S P
245 #0 - TITLE STATEMENT
Title Law of tort: Including compensation under the consumer protection act
250 ## - EDITION STATEMENT
Edition statement 7th ed.
260 ## - PUBLICATION, DISTRIBUTION, ETC. (IMPRINT)
Place of publication, distribution, etc Allahabad
Name of publisher, distributor, etc Universal Law Publishing
Date of publication, distribution, etc 2015
300 ## - PHYSICAL DESCRIPTION
Pages 398 p.
500 ## - GENERAL NOTE
General note 2086 26/08/2015 KB15/125 16/09/2015 Main Budget
942 ## - ADDED ENTRY ELEMENTS (KOHA)
Koha item type Books
Holdings
Withdrawn status Lost status Damaged status Not for loan Location (home branch) Sublocation or collection (holding branch) Date acquired Koha issues (times borrowed) Koha full call number Accession No. Koha date last seen Koha item type
        VIVEKANANDA LIBRARY VIVEKANANDA LIBRARY 20/11/2015   346.03 S64L(7) 343861 17/09/2023 Books
        VIVEKANANDA LIBRARY VIVEKANANDA LIBRARY 20/11/2015 3 346.03 S64L(7) 343862 25/02/2025 Books
        VIVEKANANDA LIBRARY VIVEKANANDA LIBRARY 20/11/2015 1 346.03 S64L(7) 343863 08/10/2025 Books
        VIVEKANANDA LIBRARY VIVEKANANDA LIBRARY 20/11/2015 2 346.03 S64L(7) 343864 20/11/2023 Books
        VIVEKANANDA LIBRARY VIVEKANANDA LIBRARY 20/11/2015 2 346.03 S64L(7) 343865 28/11/2023 Books
© Designed and Maintained by Vivekananda Library, MDU Rohtak